Білим по білому: жінки в громадському житті України 1884 - 1939 (Запис № 326780)

МАРК-запис
000 -Лідер
fixed length control field 00788nam a22002537a 4500
001 - Контрольний номер
control field 40640
003 - Ідентифікатор контрольного номера
control field UA-OsUOA
005 - Дата та час останнього входження (трансакції)
control field 20191121092608.0
007 - Фіксоване поле фізичного опису
fixed length control field ta
008 - Елементи даних фіксованої довжини – загальна інформація
fixed length control field 20060819b un ||||| |||| 00| 0 ukr d
020 ## - Міжнародний стандартний книжковий номер (ISBN)
Міжнародний стандартний книжковий номер (ISBN) (НП) 5-325-00527-8
040 ## - Джерело каталогізації
Агенція оригінальної каталогізації UA-OsUOA
Мова каталогізації ukr
Агенція, яка здійснювала перезапис UA-OsUOA
Агенція, яка здійснювала модифікацію UA-OsUOA
041 ## - Код мови
Код мови тексту/ звукової доріжки чи окремого заголовка (П) ukr
080 ## - Індекс Універсальної десяткової класифікації
Індекс Універсальної десяткової класифікації (УДК) (НП) 94(477)-055.2
090 ## - Локальний шифр розміщення
Класифікаційний індекс УДК 94(477)-055.2
Авторський знак (НП) Б73
100 ## - Основне введення – ім’я особи
Ім’я особи (НП) Богачевська-Хомяк М.
245 ## - Відомості про назву
Назва (НП) Білим по білому: жінки в громадському житті України 1884 - 1939
260 ## - Публікація, розповсюдження і т.п. (Вихідні дані)
Місце публікації, розповсюдження і т.п. (П) К.
Ім’я/ наймення видавництва, розповсюджувача і т.п. (П) Либідь
Дата публікації, розповсюдження і т.п. (П) 1995
300 ## - Фізичний опис
Обсяг 424 с.
650 #7 - Додаткове предметне введення – тематичний термін
Тематичний термін чи географічна назва, як елемент введення (НП) 9 Географія. Біографії. Історія
Джерело заголовка чи терміна UDC
942 ## - Додаткові елементи входу (Коха)
Тип елемента Koha Книги
Source of classification or shelving scheme Universal Decimal Classification
955 ## - Код типу видання за змістом
Код типу видання за змістом (НП) Навчальні видання
Фонди
Стан вилучень Стан втрат Джерело класифікації або схеми стелажів Стан уражень Не для кредиту Постійне місце розташування Поточне розміщення Дата придбання Інвентарний номер Усього замовленно Повний номер виклику Штрих-код Дата останнього перегляду Ціна ефективна від Тип елемента Koha Код колекції Джерело придбання Вартість, звичайна ціна покупки Дата останньої перевірки Примітка, призначена для загального доступу
    Universal Decimal Classification     АБ - Абонемент НБ АБ - Абонемент НБ 19/08/2006 57712   94(477)-055.2 Б73 57712 22/12/2021 19/08/2006 Книги          
    Universal Decimal Classification     АБ - Абонемент НБ АБ - Абонемент НБ 05/12/2013 144494 1 94(477)-055.2 Б73 144494 07/03/2023 05/12/2013 Книги Колекція Жулинського М.Г. 63/2013 20.00 10/02/2023 з автографом М. Богачевської-Хомяк
    Universal Decimal Classification     АБ - Абонемент НБ АБ - Абонемент НБ 11/04/2016 150919   94(477)-055.2 Б73 150919 20/01/2022 05/12/2013 Книги   15/2016 20.00    
    Universal Decimal Classification     АБ - Абонемент НБ АБ - Абонемент НБ 23/11/2017 157150   94(477)-055.2 Б73 157150 06/02/2022 05/12/2013 Книги Колекція Жулинського М.Г. 54/2017 20.00   з автографом М. Богачевської-Хомяк